| 000 | 00761nam a22002177a 4500 | ||
|---|---|---|---|
| 001 | 77321 | ||
| 003 | BD-RjUL | ||
| 005 | 20211209082946.0 | ||
| 008 | 200312s2019 bg ||||| |||| 00| 0 eng d | ||
| 035 | _a(BD-RjUL)77546 | ||
| 040 |
_aBD-RjUL _beng _cBD-RjUL |
||
| 041 | _aben | ||
| 082 |
_223 _a294.5922 _bRAR 2019 |
||
| 100 |
_aরায়, কানাই লাল _9240870 |
||
| 245 | 1 | 0 |
_aবাল্মীকি রামায়ণ / _cকানাই লাল রায় |
| 260 |
_aঢাকা : _bসময় প্রকাশন, _c২০১৯ |
||
| 300 |
_a২৫৫ পৃ.; _c২৩ সেমি. |
||
| 650 |
_aরামায়ণ (বাল্মীকি ) _9119071 |
||
| 650 |
_aRāmāyaṇa (Vālmīki) _9240871 |
||
| 942 |
_2ddc _cBK |
||
| 999 |
_c77321 _d77321 |
||